Turbamento : romanzo /

Guardat en:
Dades bibliogràfiques
Autor principal: Bellezza, Dario (Autor)
Format: Llibre
Idioma:italià
Publicat: Milano : Mondadori, 1984
Col·lecció:Scrittori italiani e stranieri
Etiquetes: Afegir etiqueta
Sense etiquetes, Sigues el primer a etiquetar aquest registre!

MARC

LEADER 00000nam a22000007i 4500
001 IT\ICCU\CFI\0048909
003 ItRI
005 20260115232242.0
008 880115s1984 it |||||| ||||| |||||c
040 |b ita  |c importazione bologna sebina 
041 7 |a ita  |2 ISO-639-2 
082 |a 853.914  |9 NARRATIVA ITALIANA. 1945-  |2 11 
100 1 |a Bellezza, Dario  |0 IT\ICCU\CFIV\004133  |4 aut 
240 1 0 |a Turbamento  |3 IT\ICCU\FOG\0488494  |9 Bellezza, Dario 
245 1 0 |a Turbamento :  |b romanzo /  |c Dario Bellezza. 
260 |a Milano :  |b Mondadori,  |c 1984 
300 |a 146 p. ;  |c 21 cm 
830 0 |a Scrittori italiani e stranieri  |0 IT\ICCU\CFI\0000594 
942 |2 ddc  |c BK  |n 0 
952 |0 0  |1 0  |4 0  |6 DOC_853_914000000000000_BEL  |7 0  |9 22963  |a BO  |b BO  |d 2026-01-15  |i 33  |l 0  |o DOC 853.914 BEL  |p BO33  |r 2026-01-15 23:22:42  |w 2026-01-15  |x [Sebina 5] [1 v.]  |y BK  |z 1 v. 
999 |c 19595  |d 19595